000
00226 a2200097 4500
001
72057
082
_a
808.882 RAF
090
_c
38804
_d
38804
245
_a
Thought provoking quotations
260
_a
Delhi
_b
Kitab manzil
_c
2007
942
_a
NUST-CAE
_k
808.882 RAF
999
_c
307130
_d
307130